Teorija plastičnosti /

Guardado en:
Detalles Bibliográficos
Autores principales: Dorogobid, Viktor Grigorjevič (Autor), Arkulis, Grigorij Emmanuilevič (Autor)
Formato: Libro
Lenguaje:ruso
Publicado: Moskva : Metallurgija, 1987
Etiquetas: Agregar Etiqueta
Sin Etiquetas, Sea el primero en etiquetar este registro!

MARC

LEADER 00000nam a22000003a 4500
001 stu19954
005 20150617225751.8
008 ------s1987----xxr-----------------rus-d
040 |a STU  |b slo 
041 0 |a rus 
044 |a xxr 
080 |a 539.214 
080 |a 621.771.001.1 
100 1 |a Dorogobid, Viktor Grigorjevič  |4 aut 
245 1 |a Teorija plastičnosti /  |c [aut.]Arkulis,Grigorij Emmanuilovič, Dorogobid,Viktor Grigorjevič 
260 |a Moskva :  |b Metallurgija,  |c 1987 
300 |a 351 s :  |b Grafy,lit.,index 
700 1 |a Arkulis, Grigorij Emmanuilevič  |4 aut 
996 |b C78937  |c C*78937  |l CCXXIVB  |s P  |a 0  |w stu19954_0001 
996 |b C79161  |c C*79161  |l CCVIIIB  |s P  |a 0  |w stu19954_0002